书目信息 |
| 题名: |
数据可视化必修课
|
|
| 作者: | 沈君 著 | |
| 分册: | ||
| 出版信息: | 北京 人民邮电出版社 2021 |
|
| 页数: | 238页 | |
| 开本: | 24cm | |
| 丛书名: | ||
| 单 册: | ||
| 中图分类: | TP391.13 , TP391.412 | |
| 科图分类: | ||
| 主题词: | 表处理软件--biao chu li ruan jian , 图形软件--tu xing ruan jian | |
| 电子资源: | ||
| ISBN: | 978-7-115-55629-5 | |
| 000 | 00965nam0 2200265 450 | |
| 001 | 2144569844 | |
| 005 | 20211114122254.00 | |
| 010 | @a978-7-115-55629-5@dCNY89.90 | |
| 100 | @a20210806d2021 em y0chiy50 ea | |
| 101 | 0 | @achi |
| 102 | @aCN@b110000 | |
| 105 | @aak z 000yy | |
| 200 | 1 | @a数据可视化必修课@Ashu ju ke shi hua bi xiu ke@eExcel图表制作与PPT展示@f沈君著 |
| 210 | @a北京@c人民邮电出版社@d2021 | |
| 215 | @a238页@c彩图@d24cm | |
| 300 | @a全彩印刷 | |
| 330 | @a本书是作者多年工作经验和企业培训经验的总结,直面基于不同类型数据制作图表过程中的常见问题,并给出高效的解决方案,帮助读者快速完成图表选择、图表制作及PPT图表展示等操作。 | |
| 517 | 1 | @aExcel图表制作与PPT展示@AExcel tu biao zhi zuo yu PPT zhan shi |
| 606 | 0 | @a表处理软件@Abiao chu li ruan jian |
| 606 | 0 | @a图形软件@Atu xing ruan jian |
| 690 | @aTP391.13@v5 | |
| 690 | @aTP391.412@v5 | |
| 701 | 0 | @a沈君@Ashen jun@4著 |
| 801 | 0 | @aCN@bBP@c20210806 |
| 905 | @aZUCC@dTP391.13@e80 | |
| 数据可视化必修课:Excel图表制作与PPT展示/沈君著.-北京:人民邮电出版社,2021 |
| 238页:彩图;24cm |
| 全彩印刷 |
| ISBN 978-7-115-55629-5:CNY89.90 |
| 本书是作者多年工作经验和企业培训经验的总结,直面基于不同类型数据制作图表过程中的常见问题,并给出高效的解决方案,帮助读者快速完成图表选择、图表制作及PPT图表展示等操作。 |
| ● |
| 相关链接 |
|
|
|
正题名:数据可视化必修课
索取号:TP391.13/80
 
预约/预借
| 序号 | 登录号 | 条形码 | 馆藏地/架位号 | 状态 | 备注 |
| 1 | 2000886466 | 2000886466 | 第三书库/ [索取号:TP391.13/80] | 在馆 | |
| 2 | 2000886467 | 2000886467 | 第三书库/ [索取号:TP391.13/80] | 在馆 | |
| 3 | 2000886468 | 2000886468 | 第三书库/ [索取号:TP391.13/80] | 在馆 |